| 000 | 00364cam a2200145ua 4500 | ||
|---|---|---|---|
| 041 |
_aeng _h |
||
| 082 |
_a823.308 _bWEB/DA |
||
| 100 | _aWebster, Jean . | ||
| 245 |
_aDaddy-long-legs / _cJean Webster. _hTextual Documents |
||
| 260 |
_aLondon : _bUniversity of London Press Ltd , _c1961. |
||
| 300 | _a145 ; . | ||
| 504 | _a | ||
| 942 | _cBK | ||
| 999 |
_c3995 _d3995 |
||